Statistics for Splatoon Alterna Quiz

Click here to take the quiz!

General Stats

  • This quiz has been taken 17 times
  • The average score is 11 of 15

Answer Stats

HintAnswer% Correct
What animal is Mr. Grizz?A Bear
92%
Who is the final boss?Mr. Grizz
92%
Who is kidnaped after the battle of DJ Octavio?Cuttlefish
83%
Who saves you at second phase of grizzico?DJ Octavio
83%
Can Fuzzy Ooze Kill?Yes
83%
Who do you meet? (3 characters)Callie, Marie, and Captain
75%
Who is with you?Lil Buddy
75%
What is Big Man's animal?Manta Ray
75%
What agent are you?New Agent 3
75%
What is Frye's animal?Eels
67%
What does your buddy become?Hugefry
67%
What is the first area you arrive at?The Crater
58%
What can Lil Buddy do?Eat Fuzzy Ooze
50%
What is Shiver's animal?Sharks
50%
Where does the final boss battle take place?In Space
42%

Score Distribution

Percentile by Number Answered

Percent of People with Each Score

Your Score History

You have not taken this quiz